000
00324nam a22001337a 4500
008
180904b xxu||||| |||| 00| 0 eng d
020
_a
9783131663719
041
_a
eng
080
_a
617
100
_a
8
101
O
_a
ORT
245
_a
Manual of Soft-Tissue Management in Orthopaedic Trauma
_c
Volgas, D.A
942
_2
udc
_c
BK
999
_c
47495
_d
47495